000 00694nam a2200241 i 4500
001 bg
003 BPK
005 20191002090801.0
008 960909s1986 uk f |000 0 eng d
020 _a0194321819
040 _cBPK
080 _a811.111
080 _a(07)
100 1 _aGraver, B. D.
245 0 _aAdvanced English practice /
_cB. D. Graver.
250 _a3. ed.
260 _aOxford :
_bOxford University Press,
_c1986.
300 _a320 s. ;
_c22 cm.
650 4 _aJęzyk angielski
_xpoziom zaawansowany.
655 4 _aPodręcznik
856 _uhttp://koha.tu.koszalin.pl/cgi-bin/koha/opac-detail.pl?biblionumber=4731
_yKatalog online BPK
942 _cKS
_2UKD
999 _c4731
_d4731